000 00818nam a2200277Ia 4500
003 OSt
005 20221005082356.0
006 a|||||r|||| 00| 0
007 ta
008 221004b |||||||| |||| 00| 0 eng d
020 _a9788175417588 (hbk)
024 _a14647
037 _bGift, 03/11/2014,
_cTextual
040 _aCRL
_cCRL
_beng
041 _2eng
_aeng
082 _aV438.P1, Q4
100 _aBhatia Rajiv K. Ed.
_9414607
245 0 _aChange in myanmar
260 _aNew Delhi
_bShipra India
_c2014
300 _axx, 180p.
_ccm.
650 _aHISTORY
700 _a Ranjan Vikash Ed.
_9479059
700 _a Sakhuja Vijay Ed.
_9455772
942 _hV438.P1, Q4
_cTEXL
_2cc
999 _c989235
_d989235